000 00383nam a2200133Ia 4500
008 230524s9999 xx 000 0 und d
020 _a8122306634
100 _aMerril Douglass
_936678
245 0 _aSuccess Secrets: A Common Sense Guide to Lifelong Achievement
260 _bPustak Mahal
500 _aQuantity Number: 1
650 _aPersonality Development
_936679
942 _cBK
999 _c50700
_d50700